000 01221nam a2200253Ia 4500
003 Ost
005 20260507075556.0
008 260507s9999||||xx |||||||||||||| ||und||
040 _cfsecg
041 _aara
082 _a330
100 _aمحجوب، بسمان فيصل
_eمؤلف
245 0 _aنظم التخطيط و الرقابة على الانتاج و العمليات /
_c بسمان فيصل محجوب
260 _aالقاهرة:
_bالمنظمة العربية للتنمية الادارية,
_c2005
300 _a290 صفحة؛
_bإيضاحات ؛
_c24 سم
520 _aنظام تخطيط الاحتياجات من المواد (MRP) اضافة الى نظام الانتاج الآني (GIT) و كذا فلسفة تكنولوجيا الانتاج الامثل و في الاخير العلاقات التكاملية و الاتجاهات الحديثة في نظم الانتاج و العمليات.
653 _aالانتاج
653 _aالتخطيط
653 _aالرقابة
653 _aالعمليات
700 _aالاتروشي، عقيلة مصطفى
_eمؤلف ثانوي
700 _aداود، غسان قاسم
_eمؤلف ثانوي
942 _cكتاب
999 _c44966
_d44966